Normal view
MARC view
- MacKenzie, Emily
Entry Personal Name
001 - CONTROL NUMBER
- control field: 128308
003 - CONTROL NUMBER IDENTIFIER
- control field: NUST
005 - DATE AND TIME OF LATEST TRANSACTION
- control field: 20250314111046.0
008 - FIXED-LENGTH DATA ELEMENTS
- fixed length control field: 250314|| aca||aabn | a|a d
040 ## - CATALOGING SOURCE
- Original cataloging agency: NUST
- Transcribing agency: NUST
100 ## - HEADING--PERSONAL NAME
- Personal name: MacKenzie, Emily
670 ## - SOURCE DATA FOUND
- Source citation: Work cat.: (NUST)0: Gardner, Simon, 1954- author. 128306, An introduction to land law /
